| 000 | 00700nam a2200157 a 4500 | ||
|---|---|---|---|
| 008 | 120416s1969 ||||||||||||||||| || u | ||
| 050 | _aHC 915 Aft | ||
| 100 | _aGaay Fortman, Bastiaan | ||
| 245 | 1 | 0 |
_aAfter Mulungushi _cedited by Bastiaan de Gaay Fortman |
| 246 | _athe economics of Zambian humanism | ||
| 260 |
_aNairobi _bEast African Publishing House _c1969 |
||
| 300 | _aviii, 183p. : ill. | ||
| 350 | _a0.00 | ||
| 995 |
_aSPECIAL COLLECTIONS _D0.00 _e722660 _FCBU-MAIN LIBRARY (Kitwe) _H2 _I15.00 _jZAM HC 915 Aft _M1 _UAVAILABLE _y018685 _ZZambiana Collection |
||
| 995 |
_aSPECIAL COLLECTIONS _D0.00 _e715532 _FCBU-MAIN LIBRARY (Kitwe) _H1 _I15.00 _jZAM HC 915 Aft _M2 _UAVAILABLE _y018684 _ZZambiana Collection |
||
| 999 |
_c83829 _d83829 |
||